000 01078cab a22001935a 4500
001 L140389
008 070920e2007 xxk f 000 0 eng d
035 _a(Sirsi) u140389
041 0 _aeng
100 1 _aWillis, Ben
245 0 0 _aGolden rule hits backlash
260 _c2007
490 _aPlanning
_v(1736) 14 September 2007, 16-17(2)
520 _aDescribes opinions on the Merton environmental rule which has been created by the London Borough. Its aim is to ensure that new commercial buildings meet at least ten per cent of their energy needs from on-site renewable energy sources. Its principles have been adopted by both the London Mayor and central government. Critics of the rule include the British Property Foundation and numerous developers. Some argue that reducing energy use is a more important target. Others suggest that the problems of differing generation potentials make the percentage target difficult to justify.
590 _aKA
651 4 _aUnited Kingdom
_y
690 _aENVIRONMENTAL AND LAND CONSULTANCY-ENERGY-RENEWABLE ENERGY
942 _n0
999 _c79267
_d79267